Statistics for La Liga Top scorers

Click here to take the quiz!

General Stats

  • This quiz has been taken 61 times
  • The average score is 7 of 15

Answer Stats

GoalsNationalityGoals per club(s)Player% Correct
311PortugalReal Madrid (311)Cristiano Ronaldo
100%
474ArgentinaBarcelona (474)Lionel Messi
100%
238FranceReal Madrid (238)Karim Benzema
83%
228SpainReal Madrid (228)Raúl
83%
185FranceReal Sociedad (40), Atlético Madrid (123), Barcelona (22)Antoine Griezmann
76%
227Spain / ArgentinaReal Madrid (216), Espanyol (11)Alfredo Di Stéfano
67%
186SpainReal Zaragoza (32), Valencia (108), Barcelona (33), Atlético Madrid (13)David Villa
65%
234MexicoAtlético Madrid (54), Real Madrid (164), Rayo Vallecano (16)Hugo Sánchez
63%
195SpainValencia (186), Alcoyano (9)Edmundo Suárez
46%
251SpainAthletic Bilbao (251)Telmo Zarra
28%
221SpainGranada (23), Barcelona (190), Cultural Leonesa (3), Elche (5)César Rodríguez
9%
219SpainSporting Gijón (165), Barcelona (54)Quini
7%
186Spain(186)Santillana
7%
212SpainCelta de Vigo (57), Real Madrid (111), Deportivo La Coruña (46)Pahiño
2%
183SpainAthletic Bilbao (111), Valencia (72)Guillermo Gorostiza
0%

Score Distribution

Percentile by Number Answered

Percent of People with Each Score

Your Score History

You have not taken this quiz